Son posibles las terapias en las instituciones?: estudio situacional
Furkejuvvon:
| Váldodahkki: | |
|---|---|
| Materiálatiipa: | Girji |
| Giella: | espánnjágiella |
| Almmustuhtton: |
Madrid
Biblioteca Nueva
1998
|
| Ráidu: | Colección Psicoanálisis y Sociedad
|
| Fáttát: | |
| Fáddágilkorat: |
Lasit fáddágilkoriid
Eai fáddágilkorat, Lasit vuosttaš fáddágilkora!
|
MARC
| LEADER | 00000nam a2200000 a 4500 | ||
|---|---|---|---|
| 001 | UCL9519 | ||
| 003 | CL-VaPUC | ||
| 008 | 040813e19980000SP |||||||||||||||||spa|d | ||
| 020 | |a 8470305379 | ||
| 082 | 0 | 4 | |a 616.89152 |b UTR |2 21 |
| 100 | 0 | |a Utrilla Robles, Manuela |e author |9 487389 | |
| 245 | 1 | 0 | |a Son posibles las terapias en las instituciones?: estudio situacional |
| 300 | |a 350 p | ||
| 942 | |c BK | ||
| 945 | |d 20040813 00:00:00 |a cmena | ||
| 260 | |a Madrid |b Biblioteca Nueva |c 1998 | ||
| 650 | 7 | |a PSICOTERAPIA DE GRUPO |2 CL-VaPUC |9 312200 | |
| 650 | 0 | |a Psicología social |9 222894 | |
| 650 | 0 | |a Psicología clínica |9 307259 | |
| 650 | 0 | |a Psicología industrial |9 271739 | |
| 650 | 0 | |a Motivación |9 315362 | |
| 650 | 0 | |a Dinámica de grupos |9 259862 | |
| 650 | 7 | |a PSIQUIATRIA INFANTIL |2 CL-VaPUC |9 311183 | |
| 583 | |a last modification |c 20040813 00:00:00 |k Rodrigo Vera | ||
| 490 | 0 | |a Colección Psicoanálisis y Sociedad | |
| 999 | |c 310285 |d 310283 | ||
| 952 | |0 0 |1 0 |4 0 |6 616_891520000000000_UTR_1998 |7 0 |8 A |9 378578 |a BIBEDU |b BIBEDU |d 2019-11-21 |i 4048288 |o 616.89152 UTR 1998 |p 4048288 |r 2019-11-21 |w 2019-11-21 |y BK |k PSI | ||